000
00438nam a2200145Ia 4500
008
100204s9999 xx 000 0 und d
082
_b
26643
100
_a
महाजन सुलक्षणा
245
_a
जग बदलल
260
_b
"ग्रंथाली ज्ञानयज्ञ , मुंबई"
_c
2004
300
_a
105
630
_a
जग बदलल
730
_a
जग बदलल
942
_c
BOOK
999
_c
471824
_d
471821